[Event "Banff op"]
[Site "Banff"]
[Date "2024.11.09"]
[Round "1"]
[White "Chandra, Anand Rishi"]
[Black "Tran, Tri"]
[Result "1-0"]
[WhiteElo "2073"]
[BlackElo "1881"]
[PlyCount "81"]
[EventDate "2024.11.09"]
[EventType "swiss"]
[EventRounds "6"]
[EventCountry "CAN"]
[SourceTitle "CB47_2024"]
[SourceDate "2024.11.20"]
[SourceVersion "1"]
[SourceVersionDate "2024.11.20"]
[SourceQuality "1"]

1. e4 c5 2. Nf3 d6 3. d4 cxd4 4. Nxd4 Nf6 5. Nc3 a6 6. h3 e5 7. Nf3 Be7 8. g4 Be6 9. Ng5 Bc8 10. Bc4 0-0 11. f4 Nc6 12. Nf3 Be6 13. Bb3 Bxb3 14. axb3 exf4 15. Bxf4 Re8 16. 0-0 h6 17. Qd2 Bf8 18. Rae1 Qa5 19. Kh1 Rad8 20. g5 hxg5 21. Bxg5 Be7 22. Rg1 d5 23. Nxd5 Qxd2 24. Nxe7+ Rxe7 25. Nxd2 Kf8 26. Nc4 Ne5 27. Rgf1 Nxc4 28. bxc4 Re5 29. Bxf6 gxf6 30. Rxf6 Rd2 31. Ref1 Rxe4 32. Rxf7+ Ke8 33. R1f2 Rxf2 34. Rxf2 Rxc4 35. Kg2 b5 36. Kg3 a5 37. h4 b4 38. b3 Rc7 39. h5 Rf7 40. Rxf7 Kxf7 41. Kf4 1-0

[Event "New Westminster BC Day"]
[Site "New Westminster"]
[Date "2024.08.05"]
[Round "9"]
[White "Tran, Tri"]
[Black "Mingrone, Peter"]
[Result "1/2-1/2"]
[WhiteElo "1879"]
[BlackElo "1739"]
[PlyCount "69"]
[EventDate "2024.08.01"]
[EventType "swiss"]
[EventRounds "9"]
[EventCountry "CAN"]
[SourceTitle "CBM 221 Extra"]
[Source "ChessBase"]
[SourceDate "2024.09.30"]
[SourceVersion "1"]
[SourceVersionDate "2024.09.30"]
[SourceQuality "1"]

1. d4 Nf6 2. c4 g6 3. Nf3 Bg7 4. g3 0-0 5. Bg2 d6 6. 0-0 c6 7. Nc3 Qa5 8. e4 e5 9. h3 Nbd7 10. Be3 exd4 11. Nxd4 Nb6 12. Qe2 Qb4 13. Rfb1 Qxc4 14. Qd1 Qb4 15. a3 Qa5 16. Nb3 Qh5 17. g4 Qe5 18. f4 Qe7 19. Qe2 Be6 20. Nd2 Ne8 21. f5 Bc8 22. Qf2 Nd7 23. Nf3 Nc5 24. e5 Bxe5 25. Bxc5 dxc5 26. Re1 f6 27. g5 Qc7 28. Nxe5 fxe5 29. f6 Nd6 30. Rxe5 Nf7 31. Re7 Qb6 32. Rae1 c4 33. Qxb6 axb6 34. h4 Ra5 35. Rc7 1/2-1/2

[Event "Canadian op"]
[Site "Laval"]
[Date "2024.07.18"]
[Round "8"]
[White "Gagnon, Gabriel"]
[Black "Tran, Tri"]
[Result "1-0"]
[WhiteElo "1940"]
[BlackElo "1844"]
[PlyCount "143"]
[EventDate "2024.07.13"]
[EventType "swiss"]
[EventRounds "9"]
[EventCountry "CAN"]
[SourceTitle "EXT 2025"]
[Source "ChessBase"]
[SourceDate "2024.10.14"]
[SourceVersion "1"]
[SourceVersionDate "2024.10.14"]
[SourceQuality "1"]

1. e4 c5 2. Nc3 d6 3. f4 g6 4. Bc4 Bg7 5. Nf3 Nc6 6. 0-0 e6 7. d3 Nge7 8. Qe1 0-0 9. Qh4 d5 10. Bb3 Nd4 11. f5 gxf5 12. Bg5 f6 13. Bh6 Ng6 14. Qh5 fxe4 15. dxe4 Nxb3 16. axb3 d4 17. Bxg7 Kxg7 18. Nb5 Qb6 19. e5 Qxb5 20. exf6+ Rxf6 21. Ng5 h6 22. Rxf6 Kxf6 23. Qxh6 Qe8 24. Rf1+ Ke7 25. Qg7+ Kd6 26. Nf7+ Kc7 27. Qxg6 Bd7 28. Qg3+ Kb6 29. Qd6+ Bc6 30. b4 Qf8 31. bxc5+ Kb5 32. Qxd4 Qxc5 33. Nd6+ Kb6 34. Nc4+ Kb5 35. Qxc5+ Kxc5 36. Ne5 Be4 37. Rf2 Rd8 38. Re2 Rd4 39. Kf2 Kd5 40. Nf3 Rd1 41. c3 e5 42. Rd2+ Rxd2+ 43. Nxd2 Bf5 44. Ke3 b5 45. b4 a6 46. Nf1 e4 47. Kf4 Kc4 48. Kxf5 Kxc3 49. g4 a5 50. bxa5 b4 51. a6 b3 52. a7 b2 53. a8Q b1Q 54. Qa3+ Kd4 55. Qa4+ Kc3 56. Ne3 Qg1 57. Qxe4 Qxh2 58. Qc2+ Qxc2+ 59. Nxc2 Kxc2 60. g5 Kd3 61. g6 Kc3 62. g7 Kd4 63. g8Q Kd3 64. Qg4 Ke3 65. Ke5 Kd3 66. Qb4 Kc2 67. Qa3 Kd2 68. Ke4 Kc2 69. Kd4 Kd2 70. Qa2+ Ke1 71. Ke3 Kf1 72. Qf2# 1-0

[Event "Banff op"]
[Site "Banff"]
[Date "2021.11.14"]
[Round "6"]
[White "Lu, Kevin"]
[Black "Tran, Tri"]
[Result "1/2-1/2"]
[WhiteElo "1898"]
[BlackElo "1324"]
[PlyCount "63"]
[EventDate "2021.11.12"]
[EventType "swiss"]
[EventRounds "6"]
[EventCountry "CAN"]
[SourceTitle "CBM 205 Extra"]
[Source "ChessBase"]
[SourceDate "2022.01.31"]
[SourceVersion "1"]
[SourceVersionDate "2022.01.31"]
[SourceQuality "1"]

1. e4 c5 2. Nf3 d6 3. d4 cxd4 4. Qxd4 Nc6 5. Bb5 Bd7 6. Bxc6 Bxc6 7. Nc3 Nf6 8. 0-0 g6 9. Nd5 Bg7 10. Qd3 0-0 11. Nxf6+ Bxf6 12. Bh6 Bg7 13. Qe3 Qc7 14. Bxg7 Kxg7 15. Nd4 Bd7 16. c3 a6 17. f4 Rac8 18. f5 Qc5 19. Rf3 Qe5 20. Rh3 h5 21. g4 h4 22. Rxh4 Rh8 23. Rxh8 Rxh8 24. Nf3 Qb5 25. Qd4+ Kg8 26. c4 Qc6 27. Ng5 Rh4 28. h3 f6 29. Nf3 Rxh3 30. Kg2 Rh8 31. Rh1 Rxh1 32. Kxh1 1/2-1/2

[Event "Banff op"]
[Site "Banff"]
[Date "2021.11.12"]
[Round "1"]
[White "Tran, Tri"]
[Black "Wang, Paul"]
[Result "0-1"]
[WhiteElo "1324"]
[BlackElo "1962"]
[PlyCount "48"]
[EventDate "2021.11.12"]
[EventType "swiss"]
[EventRounds "6"]
[EventCountry "CAN"]
[SourceTitle "CBM 205 Extra"]
[Source "ChessBase"]
[SourceDate "2022.01.31"]
[SourceVersion "1"]
[SourceVersionDate "2022.01.31"]
[SourceQuality "1"]

1. d4 d5 2. Bf4 Nf6 3. e3 e6 4. Nf3 c5 5. Nbd2 Nc6 6. c3 Bd6 7. Bg3 0-0 8. Bd3 b6 9. Qe2 Bb7 10. Rd1 Rc8 11. e4 Be7 12. e5 Nh5 13. h4 g6 14. Qe3 cxd4 15. cxd4 Nb4 16. Bb1 Ba6 17. Qh6 Rc2 18. Ng5 Nd3+ 19. Kf1 Bxg5 20. hxg5 Nxe5+ 21. Kg1 Ng4 22. Qxf8+ Kxf8 23. Bxc2 Nxg3 24. fxg3 Qxg5 0-1